000 00566nam a2200217Ia 4500
003 OSt
005 20230623155656.0
008 210423s2011 xx 000 0 und d
020 _a978-93-5051-440-5
040 _cAL
041 _aeng
082 _a332.03 PADA
100 _aPADHY (Kishore C);MISHRA (Rakesh Roshan)
_9117407
245 2 _aA to Z of banking and finance
260 _aMumbai
_bHimalaya Publishing House
_c2011
300 _a184
_bPB
365 _b180
_cINR
650 _aBanking
_9117408
906 _abanking ; finance ; Z
942 _2ddc
_cBK
999 _c168488
_d168488